LIBRARY & INFORMATION CENTRE, KCAET, TAVANUR

ONLINE PUBLIC ACCESS CATALOGUE (OPAC)

Text book of civil engineering drawing (buildings) / (Record no. 210)

MARC details
000 -LEADER
fixed length control field 00499cam a2200193ua 4500
041 ## - LANGUAGE CODE
Language code of text/sound track or separate title eng
082 ## - DEWEY DECIMAL CLASSIFICATION NUMBER
Classification number 604.21
Item number CHA/TE
100 ## - MAIN ENTRY--AUTHOR NAME
Personal name Chandel, R P.
245 ## - TITLE STATEMENT
Title Text book of civil engineering drawing (buildings) /
250 ## - EDITION STATEMENT
Edition statement 2 /
260 ## - PUBLICATION, DISTRIBUTION, ETC. (IMPRINT)
Place of publication India :
Name of publisher B D Kataria & Sons ,
Year of publication 1986.
300 ## - PHYSICAL DESCRIPTION
Number of Pages 152 ; .
650 ## - SUBJECT ADDED ENTRY--TOPICAL TERM
Topical Term Engineering Drawing
942 ## - ADDED ENTRY ELEMENTS (KOHA)
Koha item type Books
Holdings
Withdrawn status Lost status Damaged status Home library Current library Date acquired Full call number Accession Number Koha item type
      KAUAET KAUAET 02/09/1986 604.21 15593 Books
free website counter